000 00537nam a2200133Ia 4500
008 171207s9999 xx 000 0 und d
100 _aNickum, Josie
245 _aUsing the Sand Tray to Facilitate Client Creativity: A Strengths Focused Approach to Adolescent Depression
245 _cJosie Nickum & Lucy Lewis Purgason
260 _c2017
300 _apages 347-359, July-September 2017
440 _aJournal of Creativity in Mental Health
_v12:3
650 _aAdolescents, creativity, creativity in counseling, depression, sand tray
999 _c347698
_d347698